000 00401nam a2200133Ia 4500
008 151001s9999||||xx |||||||||||||| ||und||
100 _aसुदर्शन भाटीया
245 _aविज्ञान प्रश्नोत्तरी
250 _a1
260 _b"राही प्रकाशन, गोवा "
260 _c2009
300 _a112
365 _b21
999 _c994316
_d994313